Výchova ku skromnosti

Bibliographic Details
Main Author: Gajdošová, Alžbeta (Author)
Format: Article
Language:Slovak

MARC

LEADER 00000nab a2200000uu 4500
001 vtls011436610
003 SK-MaSNL
005 20260303150002.0
008 230222| xo |||||||||||||||||slo|
015 |a SNBRB 
035 |a (urnnbn)urn:nbn:sk:snk:ar-002g45 
035 |a (uuid)3962f7e7-2e1d-4ae1-9e2b-36177ec2ffd1 
035 |a urn:nbn:sk:snk-abcbyh 
040 |a SNKBUCL  |b slo  |c SNKBUCL  |e AACR2 
041 0 |a slo 
044 |a xo  |c SK 
100 1 |a Gajdošová, Alžbeta  |4 aut  |9 1133016 
245 1 0 |a Výchova ku skromnosti  |c Alžbeta Gajdošová 
773 0 |t Predškolská výchova : pedagogický časopis pre učiteľky materských škôl  |g Roč. 17, č. 10-11 (1962-1963), s. 377-379 
954 |a odborná, vedecká literatúra pôvodná (slovenská)  |2 lita 
958 |a OND 
958 |a EUIPO 
958 |a article16 
999 |c 2006643  |d 2008573